<?xml version="1.0" encoding="UTF-8"?>
<record
    xmlns:xsi="http://www.w3.org/2001/XMLSchema-instance"
    xsi:schemaLocation="http://www.loc.gov/MARC21/slim http://www.loc.gov/standards/marcxml/schema/MARC21slim.xsd"
    xmlns="http://www.loc.gov/MARC21/slim">

  <leader>00621nam a22001817a 4500</leader>
  <datafield tag="999" ind1=" " ind2=" ">
    <subfield code="c">177695</subfield>
    <subfield code="d">177695</subfield>
  </datafield>
  <controlfield tag="005">20210225155059.0</controlfield>
  <datafield tag="010" ind1=" " ind2=" ">
    <subfield code="a">ENG-129069</subfield>
  </datafield>
  <datafield tag="020" ind1=" " ind2=" ">
    <subfield code="c">499.00</subfield>
    <subfield code="a">978-1-4736-7611-4</subfield>
  </datafield>
  <datafield tag="035" ind1=" " ind2=" ">
    <subfield code="a">EN-112601</subfield>
  </datafield>
  <datafield tag="037" ind1=" " ind2=" ">
    <subfield code="b">DBAD/PUB</subfield>
  </datafield>
  <datafield tag="082" ind1=" " ind2=" ">
    <subfield code="a">170</subfield>
  </datafield>
  <datafield tag="100" ind1=" " ind2=" ">
    <subfield code="a">Thompson, Mel</subfield>
  </datafield>
  <datafield tag="245" ind1=" " ind2=" ">
    <subfield code="a">Ethics for Life: making sense of the morals of everyday living/</subfield>
    <subfield code="b">Mel Thompson</subfield>
  </datafield>
  <datafield tag="260" ind1=" " ind2=" ">
    <subfield code="a">Gurugram</subfield>
    <subfield code="b">Hachette Book Publishing India Pvt. Ltd.</subfield>
    <subfield code="c">2018</subfield>
  </datafield>
  <datafield tag="270" ind1=" " ind2=" ">
    <subfield code="b">Gurugram</subfield>
    <subfield code="a">4th/5th Floors, Corporate Centre, Plot No- 94, Sec- 44</subfield>
    <subfield code="e">122003</subfield>
  </datafield>
  <datafield tag="300" ind1=" " ind2=" ">
    <subfield code="a">ix+261p.</subfield>
    <subfield code="c">23cm(pbk)</subfield>
    <subfield code="b">Including index.</subfield>
  </datafield>
  <datafield tag="942" ind1=" " ind2=" ">
    <subfield code="2">ddc</subfield>
    <subfield code="c">EN</subfield>
    <subfield code="h">170</subfield>
    <subfield code="m">THO</subfield>
  </datafield>
  <datafield tag="952" ind1=" " ind2=" ">
    <subfield code="0">0</subfield>
    <subfield code="1">0</subfield>
    <subfield code="4">0</subfield>
    <subfield code="7">0</subfield>
    <subfield code="8">NFIC</subfield>
    <subfield code="a">AV</subfield>
    <subfield code="b">AV</subfield>
    <subfield code="d">2021-02-25</subfield>
    <subfield code="e">DBAD/PUB</subfield>
    <subfield code="g">499.00</subfield>
    <subfield code="l">10</subfield>
    <subfield code="m">8</subfield>
    <subfield code="o">170 THO</subfield>
    <subfield code="p">EN-112601</subfield>
    <subfield code="r">2026-01-22 00:00:00</subfield>
    <subfield code="s">2025-12-24</subfield>
    <subfield code="t">1</subfield>
    <subfield code="v">499.00</subfield>
    <subfield code="w">2021-02-25</subfield>
    <subfield code="y">EN</subfield>
  </datafield>
</record>
